Micro economics theory and application - I (Record no. 818251)

MARC details
000 -LEADER
fixed length control field 00580nam a2200217Ia 4500
008 - FIXED-LENGTH DATA ELEMENTS--GENERAL INFORMATION
fixed length control field 101110s9999 xx 000 0 und d
041 ## - LANGUAGE CODE
Language code of text/sound track or separate title ENGLISH
082 ## - DEWEY DECIMAL CLASSIFICATION NUMBER
Item number SR25641
100 ## - MAIN ENTRY--PERSONAL NAME
Personal name Misraa S.K., Puri V.K.
245 ## - TITLE STATEMENT
Title Micro economics theory and application - I
260 ## - PUBLICATION, DISTRIBUTION, ETC. (IMPRINT)
Date of publication, distribution, etc 2003
Name of publisher, distributor, etc Himalaya publication
300 ## - PHYSICAL DESCRIPTION
Extent 585
365 ## - TRADE PRICE
Price amount 160
520 ## - SUMMARY, ETC.
Summary, etc Economics
546 ## - LANGUAGE NOTE
Language note ENGLISH
630 ## - SUBJECT ADDED ENTRY--UNIFORM TITLE
Uniform title Micro economics theory and application - I
650 ## - SUBJECT ADDED ENTRY--TOPICAL TERM
Topical term or geographic name as entry element Economics
655 ## - INDEX TERM--GENRE/FORM
Genre/form data or focus term Economics
730 ## - ADDED ENTRY--UNIFORM TITLE
Uniform title Micro economics theory and application - I
942 ## - ADDED ENTRY ELEMENTS (KOHA)
Koha item type Book
Holdings
Withdrawn status Lost status Damaged status Not for loan Home library Current library Shelving location Date acquired Source of acquisition Cost, normal purchase price Shelving control number Total Checkouts Barcode Date last seen Price effective from Koha item type
        D. B. J. College, Chiplun D. B. J. College, Chiplun     Shree Ganesh Book, Mumbai, invoice51,dt.28/7/04 160.00     DBJSR25641 11/11/2010 11/11/2010 Book